Literature - European | 3 | 1 | 0 | 0 | 55 | 56 | 63.50 | 0 | 0 |
Science - Biology | 2 | 1 | 0 | 0 | 40 | 34 | 55.67 | 0 | 0 |
RMP - Philosophy | 0 | 3 | 0 | 0 | 30 | 84 | 98.00 | 0 | 0 |
Literature - British | 1 | 1 | 0 | 0 | 25 | 25 | 75.00 | 1 | 1 |
Science - Physics | 1 | 1 | 0 | 0 | 25 | 51 | 57.50 | 0 | 0 |
Science - Astronomy | 1 | 1 | 0 | 0 | 25 | 47 | 79.50 | 0 | 1 |
RMP - Hinduism | 1 | 1 | 0 | 0 | 25 | 28 | 72.00 | 0 | 0 |
Science - Math | 0 | 2 | 0 | 0 | 20 | 69 | 90.00 | 0 | 0 |
RMP - World Mythology | 0 | 2 | 0 | 0 | 20 | 56 | 60.50 | 0 | 0 |
RMP - Islam | 0 | 2 | 0 | 0 | 20 | 108 | 115.50 | 0 | 0 |
History - Cross, Historiography, and Miscellaneous | 1 | 0 | 0 | 0 | 15 | 58 | 58.00 | 0 | 1 |
Other - Other Academic and General Knowledge | 1 | 0 | 0 | 0 | 15 | 47 | 47.00 | 0 | 1 |
RMP - Hebrew Bible | 1 | 0 | 0 | 0 | 15 | 46 | 46.00 | 0 | 0 |
Social Science - Linguistics | 0 | 1 | 0 | 0 | 10 | 76 | 76.00 | 0 | 0 |
RMP - Jewish Practice | 0 | 1 | 0 | 0 | 10 | 83 | 83.00 | 0 | 0 |
RMP - Greco-Roman Mythology | 0 | 1 | 0 | 0 | 10 | 73 | 73.00 | 0 | 0 |
RMP - East Asian Religion | 0 | 1 | 0 | 0 | 10 | 97 | 97.00 | 0 | 0 |
RMP - Christian Practice | 0 | 1 | 0 | 0 | 10 | 66 | 66.00 | 0 | 1 |
Literature - World and Miscellaneous | 0 | 1 | 0 | 0 | 10 | 123 | 123.00 | 0 | 0 |
RMP - Other Religion | 0 | 1 | 0 | 0 | 10 | 59 | 59.00 | 0 | 0 |
Social Science - Economics | 0 | 1 | 0 | 0 | 10 | 73 | 73.00 | 0 | 0 |
History - European | 0 | 0 | 0 | 0 | 0 | | 0.00 | 0 | 0 |